Statistiques concernant Pays les plus proches de Maroc - une minute sprint

Cliquez ici pour prendre le quiz!

Statistiques générales

  • Ce quiz a été pris 649 fois
  • Le résultat moyen est 11 sur 20

Statistiques - réponses

kmpays% Correct
0Algérie
99%
0Espagne
96%
40Mauritanie
94%
807Tunisie
92%
202Portugal
83%
843France
81%
363Mali
80%
1233Sénégal
74%
1012Italie
63%
1021Libye
60%
867Andorre
32%
1553Gambie
32%
1267Monaco
28%
1449Malte
26%
1408Suisse
26%
1556Royaume-Uni
24%
0Sahara occidental
24%
1482Vatican
19%
1566Cabo Verde
16%
1590Saint-Marin
16%

Distribution des résultats

Percentile par nombre de réponses

% des personnes avec chaque résultat

Votre développement - résultats

Vous n’avez pas pris ce quiz